| 000 | 00663nam a22001217a 4500 | ||
|---|---|---|---|
| 008 | 110616t xxu||||| |||| 00| 0 eng d | ||
| 010 | _aCACAF46 | ||
| 245 | _aCourt of Appeal Criminal Appeal No. 30 OF 2000 Antonio Ruhweza Vs Uganda | ||
| 260 | _c2000 | ||
| 500 | _aCoram: Hon. Mr. Justice C.M. Kato,JA Hon. Mr. Justice J.P. Berko,JA Hon. Lady Justice C.N.B. Kitumba, JA | ||
| 500 | _aAppeal from a conviction and sentence of the High Court at Fort Portal by Mr. Justice Yorokamu Bamwine dated 6th June 2000 in Criminal Case No. 14 of 1998 | ||
| 999 |
_c3092 _d3092 |
||